[Event "PNWCC Online Masters"]
[Site "Chess.com INT"]
[Date "2020.05.24"]
[Round "6.31"]
[White "Chang, Eddie"]
[Black "Wang, Alex Yuxuan"]
[Result "1/2-1/2"]
[WhiteElo "1667"]
[BlackElo "1983"]
[PlyCount "66"]
[EventDate "2020.05.23"]
[EventType "swiss (rapid)"]
[EventRounds "9"]
[EventCountry "USA"]
[SourceTitle "CBM 196 Extra"]
[Source "ChessBase"]
[SourceDate "2020.07.31"]
[SourceVersion "1"]
[SourceVersionDate "2020.07.31"]
[SourceQuality "1"]

1. d4 Nf6 2. c4 g6 3. Nc3 d5 4. cxd5 Nxd5 5. e4 Nxc3 6. bxc3 Bg7 7. Qa4+ c6 8. Nf3 0-0 9. Be2 c5 10. 0-0 cxd4 11. cxd4 Nc6 12. Be3 Bg4 13. Rfd1 Qa5 14. Qxa5 Nxa5 15. Rac1 Rac8 16. Bg5 e6 17. e5 Nc6 18. h3 Bf5 19. g4 Be4 20. Nd2 Bd5 21. Nc4 Bxc4 22. Rxc4 h6 23. Be3 Rfd8 24. Rdc1 Ne7 25. Rc7 Nc6 26. Rxb7 Nxd4 27. Rxc8 Nxe2+ 28. Kf1 Rxc8 29. Kxe2 Rc2+ 30. Kd3 Rxa2 31. Rb8+ Kh7 32. Rb7 Kg8 33. Rb8+ Kh7 1/2-1/2